000 00535 a2200169 4500
003 Nust
005 20230306123036.0
040 _cNust
082 _a320,BAR
100 _aWalker,Eric A
_9109870
245 _aColonies /
_cEric A Walker
260 _aLondon
_bCambridge
_c1945
300 _a168:p
505 _aColonial Empires in their World (Page-1), The Policies of the Colonising Powers (Page-24), Colonial Conditions (Page-62), Constitutions Development and Welfare (Page-136).
650 _aColonies
_949695
942 _2ddc
_cBK
999 _c184878
_d184878